[Event "Eastern Asia-ch U12 Girls"]
[Site "Tornelo INT"]
[Date "2021.10.24"]
[Round "9"]
[White "Amrutha, Varshini Damisetty"]
[Black "Nguyen, Kim Ngan Hau"]
[Result "1-0"]
[WhiteElo "1315"]
[BlackElo "1558"]
[PlyCount "87"]
[EventDate "2021.10.22"]
[EventType "swiss"]
[EventRounds "9"]
[EventCountry "NET"]
[SourceTitle "EXT 2023"]
[Source "ChessBase"]
[SourceDate "2022.10.05"]
[SourceVersion "1"]
[SourceVersionDate "2022.10.05"]
[SourceQuality "1"]

1. d4 d5 2. Bf4 e6 3. Nf3 c5 4. e3 a6 5. c3 Nc6 6. Nbd2 c4 7. Be2 Bd6 8. Bg3 Nge7 9. Qc2 Bxg3 10. hxg3 h6 11. e4 Qc7 12. e5 b5 13. g4 Bd7 14. 0-0 0-0 15. g5 Ng6 16. g3 a5 17. Kg2 b4 18. Rh1 Nce7 19. gxh6 gxh6 20. Rxh6 Nf5 21. Rh2 Kg7 22. Rah1 Rh8 23. Nf1 Rxh2+ 24. N1xh2 Rh8 25. Ng4 Rxh1 26. Kxh1 Qd8 27. Kg2 Qe7 28. Qd2 bxc3 29. Qxc3 Qb4 30. Nf6 Bc6 31. Ng5 Qb6 32. Nh5+ Kf8 33. Nf3 a4 34. Qa3+ Ke8 35. Nf6+ Kd8 36. Qc3 Ke7 37. Bd1 Kf8 38. Bc2 Nh6 39. Bxg6 fxg6 40. Qa3+ Kg7 41. Qe7+ Nf7 42. Ng5 Qb7 43. Nxe6+ Kh6 44. Qf8# 1-0

[Event "Eastern Asia-ch U12 Girls"]
[Site "Tornelo INT"]
[Date "2021.10.24"]
[Round "8"]
[White "Gade, Sharanya"]
[Black "Amrutha, Varshini Damisetty"]
[Result "0-1"]
[WhiteElo "1051"]
[BlackElo "1315"]
[PlyCount "118"]
[EventDate "2021.10.22"]
[EventType "swiss"]
[EventRounds "9"]
[EventCountry "NET"]
[SourceTitle "EXT 2023"]
[Source "ChessBase"]
[SourceDate "2022.10.05"]
[SourceVersion "1"]
[SourceVersionDate "2022.10.05"]
[SourceQuality "1"]

1. d4 d5 2. c4 c6 3. Nc3 Nf6 4. Nf3 e6 5. Bg5 Nbd7 6. e3 Qa5 7. c5 Ne4 8. Qc2 h6 9. Bh4 g5 10. Bg3 h5 11. Bd3 h4 12. Be5 f6 13. Bxe4 dxe4 14. Qxe4 fxe5 15. Qg6+ Kd8 16. Nxg5 Kc7 17. Nf7 exd4 18. exd4 Bxc5 19. dxc5 Rf8 20. Qg7 Qxc5 21. 0-0 Qe7 22. Ng5 Qxg7 23. Nxe6+ Kb8 24. Nxg7 Rg8 25. Nf5 h3 26. g3 Ne5 27. Ne7 Nf3+ 28. Kh1 Re8 29. Nxc8 Kxc8 30. Rad1 Kc7 31. Rc1 Rad8 32. Rfd1 Kb8 33. Rxd8+ Rxd8 34. Ne4 Re8 35. Nc3 Ne1 36. Kg1 Nf3+ 37. Kh1 a6 38. Rd1 Nd2 39. Kg1 Nf3+ 40. Kh1 Kc7 41. a3 Nd2 42. f4 Nc4 43. Rc1 Nxb2 44. Nd5+ Kd6 45. Nf6 Re3 46. Kg1 Rxa3 47. Rb1 Nd3 48. Ne4+ Kc7 49. Ng5 c5 50. Nxh3 c4 51. Nf2 Nxf2 52. Kxf2 Ra2+ 53. Kg1 b5 54. h4 c3 55. h5 Rd2 56. Rc1 c2 57. Rxc2+ Rxc2 58. h6 Rc6 59. g4 Rxh6 0-1

[Event "Eastern Asia-ch U12 Girls"]
[Site "Tornelo INT"]
[Date "2021.10.23"]
[Round "4"]
[White "Garosian, Vania"]
[Black "Amrutha, Varshini Damisetty"]
[Result "1-0"]
[WhiteElo "1101"]
[BlackElo "1315"]
[PlyCount "215"]
[EventDate "2021.10.22"]
[EventType "swiss"]
[EventRounds "9"]
[EventCountry "NET"]
[SourceTitle "EXT 2023"]
[Source "ChessBase"]
[SourceDate "2022.10.05"]
[SourceVersion "1"]
[SourceVersionDate "2022.10.05"]
[SourceQuality "1"]

1. e4 c5 2. d3 d6 3. Nf3 e5 4. g3 Nc6 5. Bg2 Be7 6. 0-0 h5 7. h4 Bg4 8. c3 Nf6 9. Be3 0-0 10. Nbd2 Qd7 11. Rc1 Rac8 12. Kh2 b5 13. a3 Rfd8 14. Qb3 Na5 15. Qd1 c4 16. d4 Nc6 17. d5 Na5 18. Qc2 Nh7 19. Ng1 Qc7 20. Nh3 Rf8 21. f3 Bd7 22. f4 Nf6 23. Nf2 Ng4+ 24. Nxg4 Bxg4 25. fxe5 dxe5 26. Nf3 Nb3 27. Rce1 Nc5 28. Bxc5 Bxc5 29. Ng5 Be7 30. Bf3 Bxg5 31. Bxg4 hxg4 32. hxg5 Qe7 33. Qd2 Rfd8 34. Rh1 Rd6 35. Kg1 Rg6 36. Qh2 Qc5+ 37. Kf1 Kf8 38. Qe2 Rxg5 39. Rh8+ Ke7 40. Rxc8 Qxc8 41. Qe3 Rg6 42. Qxa7+ Ke8 43. Kg2 Ra6 44. Qf2 Rf6 45. Qe3 Rf3 46. Qb6 Rd3 47. Qxb5+ Kf8 48. Rh1 Ke7 49. Qb4+ Kd7 50. Qa4+ Kd6 51. Rf1 Rd2+ 52. Kg1 f6 53. Qb4+ Qc5+ 54. Qxc5+ Kxc5 55. Rf2 Rd1+ 56. Rf1 Rd3 57. Kg2 Re3 58. Rd1 Kd6 59. a4 Re2+ 60. Kf1 Rxb2 61. Ra1 Rb8 62. a5 Rh8 63. Kg2 Ra8 64. a6 g6 65. a7 f5 66. Ra6+ Kd7 67. Rxg6 fxe4 68. Kf2 Kc7 69. Rg7+ Kd6 70. Ke3 Kxd5 71. Rd7+ Kc6 72. Rg7 Kd5 73. Rd7+ Ke6 74. Rg7 Kf6 75. Rb7 Ke6 76. Kxe4 Rf8 77. Rb8 Rf1 78. Ke3 Rf3+ 79. Ke2 Rxc3 80. a8Q Rxg3 81. Rb6+ Kf5 82. Qf8+ Ke4 83. Rb4 Rg2+ 84. Kf1 Rc2 85. Qa8+ Kd4 86. Qa1+ Kc5 87. Qb1 Rc3 88. Rb5+ Kd4 89. Qb2 g3 90. Rd5+ Kxd5 91. Qxc3 Ke4 92. Qxc4+ Kf3 93. Qc3+ Kf4 94. Kg2 e4 95. Qxg3+ Kf5 96. Kf2 Ke6 97. Ke3 Kf5 98. Qf4+ Ke6 99. Kxe4 Ke7 100. Ke5 Kd7 101. Qf6 Kc7 102. Qd6+ Kc8 103. Kd5 Kb7 104. Qc6+ Kb8 105. Kd6 Ka7 106. Qb5 Ka8 107. Kc7 Ka7 108. Qb7# 1-0